MARC

LEADER 00000nam0a2200000 4500
001 57577
005 20231031054312.0
010 |a 5060036502 
035 |a (RuTPU)RU\TPU\book\60751 
090 |a 57577 
100 |a 20031111d2002 m y0rusy50 ca 
101 0 |a rus 
102 |a RU 
105 |a a j 001zy 
200 1 |a Теория вероятностей  |e учебник  |f Е. С. Вентцель 
205 |a 8-е изд., стер. 
210 |a Москва  |c Высшая школа  |d 2002 
215 |a 575 с.  |c ил. 
320 |a Библиогр.: с. 573-575. 
451 1 |0 (RuTPU)RU\TPU\book\97697  |y 5-7695-0984-8  |t Теория вероятностей  |o учебник  |f Е. С. Вентцель  |e 9-е изд. стер.  |c М.  |n Высшая школа  |d 2003  |p 572 с.  |a Вентцель, Елена Сергеевна 
451 1 |0 (RuTPU)RU\TPU\book\38612  |y 5-06-003650-2  |t Теория вероятностей  |o учебник для вузов  |f Е. С. Вентцель  |e 7-е изд., стер.  |c М.  |n Высшая школа  |d 2001  |p 575 с.  |a Вентцель, Елена Сергеевна 
610 1 |a математика 
610 1 |a вероятность 
610 1 |a теория 
610 1 |a понятия 
610 1 |a теоремы 
610 1 |a случайные величины 
610 1 |a распределения 
610 1 |a законы 
610 1 |a функции 
610 1 |a линеаризация 
610 1 |a случайные аргументы 
610 1 |a предельные теоремы 
610 1 |a случайные функции 
610 1 |a канонические разложения 
610 1 |a стационарные случайные функции 
610 1 |a информация 
610 1 |a массовое обслуживание 
610 1 |a учебники 
675 |a 519.21(075.8)  |v 3 
700 1 |a Вентцель  |b Е. С.  |g Елена Сергеевна 
801 1 |a RU  |b 63413507  |c 20031111  |g PSBO 
801 2 |a RU  |b 63413507  |c 20211018  |g PSBO 
942 |c BK